Rozvoj malých a středních podniků v příhraničních oblastech výsledky uskutečněného výzkumu

Salvato in:
Dettagli Bibliografici
Autore principale: Záthurecký, Viliam
Natura: Libro
Lingua:ceco
Pubblicazione: Brno Masarykova univerzita 2013
Edizione:1. vyd.
Soggetti:
Tags: Aggiungi Tag
Nessun Tag, puoi essere il primo ad aggiungerne!!

MARC

LEADER 00000nam a2200000 4500
001 0193815
005 20240503084922.6
020 |a 978-80-210-6656-4 
041 0 |a cze 
044 |a CZ 
245 1 0 |a Rozvoj malých a středních podniků v příhraničních oblastech  |b výsledky uskutečněného výzkumu  |c Viliam Záthurecký ... [et al.] ; recenzenti Miroslav Hučka, Jaroslav Jánský 
250 |a 1. vyd. 
264 1 |a Brno  |b Masarykova univerzita  |c 2013 
300 |a 211 s. 
610 2 0 |a podnik malý 
610 2 0 |a podnik stredný 
610 2 0 |a pohraničie 
610 2 0 |a regióny 
610 2 0 |a spolupráca cezhraničná 
610 2 0 |a spolupráca medzinárodná 
610 2 0 |a Česko 
610 2 0 |a Rakúsko 
100 1 |a Záthurecký, Viliam